000 005530000a22002170004500
999 _c49042
_d49042
001 1889
003 CO-MdFUSB
005 20180503131036.0
008 170831b xxu||||| |||| 00| 0 eng d
020 _a978-958-30-2492-4
040 _cCO-MdBIC
082 0 4 _a790 Ar69bp
100 1 _aArredondo Francisco.
110 1 _aPanamericana Editorial.
245 1 0 _aBusca Los Piratas/Francisco Arredondo
250 _a1a ed.
260 _aBogotá D.C. Colombia
300 _a14 pag.
500 _aLIbro infantil didactico, interactivo.
942 _cLGB